Actas del Cabildo de Santiago

שמור ב:
מידע ביבליוגרפי
פורמט: ספר
שפה:ספרדית
יצא לאור: Santiago Imprenta Elzeviriana 1898
מהדורה:1a. ed
סדרה:Colección de Historiadores de Chile y de Documentos relativos a la Historia Nacional, 17
נושאים:
תגים: הוספת תג
אין תגיות, היה/י הראשונ/ה לתייג את הרשומה!

MARC

LEADER 00000nam a2200000 a 4500
001 UCJ3179
003 CL-VaPUC
008 070124e18980000CL |||||||||||||||||spa|d
082 0 4 |a 983  |b ACT  |2 21 
245 1 0 |a Actas del Cabildo de Santiago 
250 |a 1a. ed 
300 |a 531 p 
942 |c BK 
945 |d 20070124 00:00:00  |a rinostro 
260 |a Santiago  |b Imprenta Elzeviriana  |c 1898 
500 |a t.2: de 1558 a 1577 
500 |a Registra actas de los años 1558, 59, 1566, 67, 68, 1572, 73, 74, 75, 76 y 1577 
600 0 7 |a CABILDO DE SANTIAGO  |2 CL-VaPUC  |9 443918 
650 0 |a Gobierno colonial  |9 353437 
650 0 |a Actas   |9 377156 
650 0 |a Comercio  |9 255341 
650 7 |a TASAS E IMPUESTOS  |2 CL-VaPUC  |9 504806 
650 7 |a CABILDOS  |2 CL-VaPUC  |9 375432 
651 0 |a Santiago  |9 265444 
583 |a last modification  |c 20121207 08:27:39  |k Rodrigo Vera 
490 0 |a Colección de Historiadores de Chile y de Documentos relativos a la Historia Nacional, 17 
999 |c 319301  |d 319299 
952 |0 0  |1 0  |4 0  |6 983_000000000000000_ACT_1898  |7 0  |8 X  |9 397594  |a FDOBUD  |b FDOBUD  |d 2019-11-22  |h t.2  |i 1000160  |o 983 ACT 1898  |p 1000160  |r 2019-11-22  |w 2019-11-22  |y BK_X  |k BUD